| 000 | 00412nam a2200169Ia 4500 | ||
|---|---|---|---|
| 003 | OSt | ||
| 005 | 20251210125308.0 | ||
| 008 | 250729s1993 xx 000 0 und d | ||
| 040 | _cAL | ||
| 041 | _akan | ||
| 082 | _a894.5 RAMK | ||
| 245 | _aಕನ್ನಡ ತತ್ವಪದಕಾರರು | ||
| 260 |
_aಬೆಂಗಳೂರು _c1993 |
||
| 300 | _a148p | ||
| 650 |
_aKannada _9226629 |
||
| 942 |
_2ddc _cBED |
||
| 999 |
_c237365 _d237365 |
||